| 000 | 00840cam a2200301Mi 4500 | ||
|---|---|---|---|
| 001 | 72828 | ||
| 005 | 20230410130544.0 | ||
| 008 | 090727s2008 mx 000 0 spa d | ||
| 035 | _a(OCoLC)ocn465315595 | ||
| 040 |
_aCSt _cSTF |
||
| 020 | _a9703515762 | ||
| 020 | _a9789703515769 | ||
| 035 | _a(OCoLC)465315595 | ||
| 050 | 1 | 4 |
_aPN 1992.3 _bV427 2008 |
| 049 | _aGRAL | ||
| 245 | 0 | 0 |
_a22 XV : _bCanal 22 XV años. |
| 246 | 3 | _aVeintidos quince | |
| 246 | 3 | 0 | _aCanal 22 XV años |
| 246 | 3 | _aCanal veintidos quince años | |
| 250 | _a1. ed. | ||
| 260 |
_a[México, D.F.] : _bConsejo Nacional para la Cultura y las Artes, _cc2008. |
||
| 300 | _a261 p. | ||
| 650 | 0 |
_aTelevision broadcasting _zMexico _xHistory. |
|
| 653 |
_aTelevision broadcasting _aMexico _aHistory |
||
| 942 |
_2lcc _cbk |
||
| 994 |
_aC0 _bDRFGD |
||
| 946 | _aCA | ||
| 999 |
_c76062 _d76062 |
||